|
|
|
|
| LEADER |
01723cas a2200241 a 4500 |
| 001 |
AALejournalIMF007462 |
| 008 |
230101c9999 xx r poo 0 0eng d |
| 020 |
|
|
|c 5.00 USD
|
| 020 |
|
|
|z 9781451859232
|
| 022 |
|
|
|a 1018-5941
|
| 040 |
|
|
|a BD-DhAAL
|c BD-DhAAL
|
| 100 |
1 |
|
|a Richards, Anthony.
|
| 245 |
1 |
0 |
|a Winner-Loser Reversals in National Stock Market Indices :
|b Can they Be Explained? /
|c Anthony Richards.
|
| 264 |
|
1 |
|a Washington, D.C. :
|b International Monetary Fund,
|c 1997.
|
| 300 |
|
|
|a 1 online resource (22 pages)
|
| 490 |
1 |
|
|a IMF Working Papers
|
| 500 |
|
|
|a <strong>Off-Campus Access:</strong> No User ID or Password Required
|
| 500 |
|
|
|a <strong>On-Campus Access:</strong> No User ID or Password Required
|
| 506 |
|
|
|a Electronic access restricted to authorized BRAC University faculty, staff and students
|
| 520 |
3 |
|
|a This paper examines possible explanations for 'winner-loser reversals' in the national stock market indices of 16 countries. There is no evidence that loser countries are riskier than winner countries either in terms of standard deviations, covariance with the world market or other risk factors, or performance in adverse economic states of the world. While there is evidence that small markets are subject to larger reversals than large markets, perhaps because of some form of market imperfection, the reversals are not just a small-market phenomenon. The apparent anomaly of winner-loser reversals in national market indices therefore remains unresolved.
|
| 538 |
|
|
|a Mode of access: Internet
|
| 830 |
|
0 |
|a IMF Working Papers; Working Paper ;
|v No. 1997/182
|
| 856 |
4 |
0 |
|z Full text available on IMF
|u http://elibrary.imf.org/view/journals/001/1997/182/001.1997.issue-182-en.xml
|z IMF e-Library
|